000
00345nam a22001577a 4500
003
AR-RoIUNI
005
20250731085225.0
008
250731b |||||||| |||| 00| 0 spa d
040
_c
IUNIR
080
_a
616.314.018.1
100
_a
About, Imad
245
_a
Biodentine
650
_2
Odontologia
650
_2
Endodooncia
942
_2
cdu
_c
BK
999
_c
6167
_d
6167